Mitsubishi Kasei Institute of Life Sciences : Annual report
Gardado en:
| Formato: | Libro |
|---|---|
| Idioma: | Undetermined |
| Publicado: |
Machida-shi, Tōkyō
Mitsubishi Kasei Institute of Life Sciences
1984
|
| Những chủ đề: | |
| Các nhãn: |
Engadir etiqueta
Sen Etiquetas, Sexa o primeiro en etiquetar este rexistro!
|
| Thư viện lưu trữ: | Trung tâm Học liệu Trường Đại học Cần Thơ |
|---|
| LEADER | 00605nam a2200181Ia 4500 | ||
|---|---|---|---|
| 001 | CTU_95157 | ||
| 008 | 210402s9999 xx 000 0 und d | ||
| 082 | |a 547 | ||
| 082 | |b M684/No.13 | ||
| 245 | 0 | |a Mitsubishi Kasei Institute of Life Sciences : | |
| 245 | 0 | |b Annual report | |
| 260 | |a Machida-shi, Tōkyō | ||
| 260 | |b Mitsubishi Kasei Institute of Life Sciences | ||
| 260 | |c 1984 | ||
| 650 | |a Mitsubishi kasei seimei kagaku kenkyūjo,Life sciences,Biological sciences,Biomedical research | ||
| 650 | |z Japan,Japan | ||
| 904 | |i Năm | ||
| 980 | |a Trung tâm Học liệu Trường Đại học Cần Thơ | ||